Principles of Taxation for Business and Investment Planning (Record no. 527)
[ view plain ]
| 000 -LEADER | |
|---|---|
| fixed length control field | 00622nam a22002297a 4500 |
| 003 - CONTROL NUMBER IDENTIFIER | |
| control field | OSt |
| 005 - DATE AND TIME OF LATEST TRANSACTION | |
| control field | 20170215185720.0 |
| 008 - FIXED-LENGTH DATA ELEMENTS--GENERAL INFORMATION | |
| fixed length control field | 140929b xxu||||| |||| 00| 0 eng d |
| 020 ## - INTERNATIONAL STANDARD BOOK NUMBER | |
| International Standard Book Number | 9780073403953 |
| 020 ## - INTERNATIONAL STANDARD BOOK NUMBER | |
| International Standard Book Number | 9780071106795 |
| 040 ## - CATALOGING SOURCE | |
| Transcribing agency | DNLM |
| 082 ## - DEWEY DECIMAL CLASSIFICATION NUMBER | |
| Classification number | 336 JON 2008 |
| 100 ## - MAIN ENTRY--PERSONAL NAME | |
| Personal name | Jones Sally M. |
| 9 (RLIN) | 1361 |
| 245 ## - TITLE STATEMENT | |
| Title | Principles of Taxation for Business and Investment Planning |
| 250 ## - EDITION STATEMENT | |
| Edition statement | 2007 ed. |
| 260 ## - PUBLICATION, DISTRIBUTION, ETC. (IMPRINT) | |
| Place of publication, distribution, etc. | Boston; |
| Name of publisher, distributor, etc. | McGraw-Hill, |
| Date of publication, distribution, etc. | 2008. |
| 300 ## - PHYSICAL DESCRIPTION | |
| Extent | xxvii, 545 p : |
| Other physical details | ill ; |
| Dimensions | 28 cm |
| 504 ## - BIBLIOGRAPHY, ETC. NOTE | |
| Bibliography, etc | Includes index. |
| 650 ## - SUBJECT ADDED ENTRY--TOPICAL TERM | |
| Topical term or geographic name as entry element | Taxation. |
| 9 (RLIN) | 1362 |
| 650 ## - SUBJECT ADDED ENTRY--TOPICAL TERM | |
| Topical term or geographic name as entry element | Investment planning |
| 9 (RLIN) | 11600 |
| 942 ## - ADDED ENTRY ELEMENTS (KOHA) | |
| Source of classification or shelving scheme | Other/Generic Classification Scheme |
| Koha item type | Short Loan |
| Withdrawn status | Lost status | Source of classification or shelving scheme | Damaged status | Not for loan | Home library | Current library | Date acquired | Source of acquisition | Inventory number | Total Checkouts | Full call number | Barcode | Date last seen | Koha item type |
|---|---|---|---|---|---|---|---|---|---|---|---|---|---|---|
| Dewey Decimal Classification | MUST Main Library | MUST Main Library | 29/09/2014 | 14/38033 | 336 JON 2007 | 2014-3004 | 29/09/2014 | Short Loan | ||||||
| Dewey Decimal Classification | MUST Main Library | MUST Main Library | 29/09/2014 | 14/38036 | 336 JON 2007 | 2014-3005 | 29/09/2014 | Short Loan | ||||||
| Dewey Decimal Classification | MUST Main Library | MUST Main Library | 29/09/2014 | 14/38032 | 336 JON 2007 | 2014-3006 | 29/09/2014 | Short Loan | ||||||
| Dewey Decimal Classification | MUST Main Library | MUST Main Library | 29/09/2014 | 14/38035 | 336 JON 2007 | 2014-3015 | 29/09/2014 | Short Loan | ||||||
| Dewey Decimal Classification | MUST Main Library | MUST Main Library | 29/09/2014 | 14/38034 | 336 JON 2007 | 2014-3016 | 29/09/2014 | Short Loan |
